000 01154nam a2200313 i 4500
003 EG-GICUC
005 20260121101517.0
008 251217s1956 fr ||||fr|||| 000 0 fre d
040 _aEG-GiCUC
_bfre
_cEG-GiCUC
_dEG-GiCUC
_eRda
041 _afre
082 0 4 _221
_a341.84
_bGA . S
092 0 4 _221
099 _aLaw1 12 341.84 GA . S 1956
100 1 _aGallardo, Ricardo,
_eAuteur
245 1 3 _aLa Solution Des Conflits De Lois Dans Les Pays De L'amérique Latine :
_bDivorce, Séparation De Corps Et Nullité Du Mariage /
_cPar Ricardo Gallardo Pref. de Jacues Maury.
264 1 _aParis :
_bLibrairie générale de droit et de jurisprudence,
_c1956.
300 _a316 pages ;
_c24 cm.
336 _2rda contenu
_a texte
337 _2rda medias
_aOrdinateur
338 _2 transporteur rda
_a Ressource en ligne
504 _aInclude Bibliography And Bibliographic references
546 _aTexte en français
650 1 4 _aConflit de lois
_xDroit international privé
_2qrmak
650 1 4 _adivorce
651 1 _2qrmak
856 4 0 _uhttps://fll.law.cu.edu.eg/fulltext/bks/B12-01580.pdf
905 _a75
_eHassnaa
942 _2ddc
_n0
_cBK
_e21
999 _c51200
_d51200